000 00551cam a2200145 4500500
005 20251228082743.0
041 _afre
042 _adc
100 1 0 _aCouprie, Alain
_eauthor
245 0 0 _aAlain Faudemay, Le clair et l’obscur à l’âge classique, Genève, Slatkine, 2001. Un vol. 15 × 22,5 cm de 583 p.
260 _c2002.
500 _a61
786 0 _nDix-septième siècle | 214 | 1 | 2002-03-01 | p. 157g-175g | 0012-4273
856 4 1 _uhttps://shs.cairn.info/revue-dix-septieme-siecle-2002-1-page-157g?lang=fr&redirect-ssocas=7080
999 _c1599721
_d1599721